Gattu Tales : (Record no. 30933)
[ view plain ]
| 000 -LEADER | |
|---|---|
| fixed length control field | 00958nam a22002897a 4500 |
| 005 - DATE AND TIME OF LATEST TRANSACTION | |
| control field | 20091014100530.0 |
| 006 - FIXED-LENGTH DATA ELEMENTS--ADDITIONAL MATERIAL CHARACTERISTICS--GENERAL INFORMATION | |
| fixed length control field | a|||||r|||||00| 0 |
| 007 - PHYSICAL DESCRIPTION FIXED FIELD--GENERAL INFORMATION | |
| fixed length control field | DVD |
| 008 - FIXED-LENGTH DATA ELEMENTS--GENERAL INFORMATION | |
| fixed length control field | 090629t xxu||||| |||| 00| 0 eng d |
| 010 ## - LIBRARY OF CONGRESS CONTROL NUMBER | |
| LC control number | DVD-003875 |
| 024 ## - OTHER STANDARD IDENTIFIER | |
| Terms of availability | Rs. 700.00 Appx. for set fo 7 Discs. |
| 035 ## - SYSTEM CONTROL NUMBER | |
| System control number | DVD-003875 |
| 040 ## - CATALOGING SOURCE | |
| Original cataloging agency | DPL |
| 082 ## - DEWEY DECIMAL CLASSIFICATION NUMBER | |
| Classification number | DVD GATT |
| 245 ## - TITLE STATEMENT | |
| Title | Gattu Tales : |
| Statement of responsibility, etc | by Esther David |
| Remainder of title | Oonderbhai The Wonder Mouse |
| 260 ## - PUBLICATION, DISTRIBUTION, ETC. (IMPRINT) | |
| Name of publisher, distributor, etc | Book Box India Pvt. Ltd. |
| 270 ## - ADDRESS | |
| Address | C/o Orient Black Swan |
| 300 ## - PHYSICAL DESCRIPTION | |
| Extent | 1 Videodisc DVD, |
| Other physical details | sd., col. ; |
| Dimensions | 4-3/4 in. |
| Type of unit | VCD |
| 306 ## - PLAYING TIME | |
| Playing time | 2hr 58min. |
| 500 ## - GENERAL NOTE | |
| General note | VCD |
| 538 ## - SYSTEM DETAILS NOTE | |
| System details note | Language- English |
| 541 ## - IMMEDIATE SOURCE OF ACQUISITION NOTE | |
| Institution to which field applies | M/s Orient Swan |
| 700 ## - ADDED ENTRY--PERSONAL NAME | |
| Personal name | David, Esther |
| 700 ## - ADDED ENTRY--PERSONAL NAME | |
| Personal name | Scanziani, Emanuele |
| 942 ## - ADDED ENTRY ELEMENTS (KOHA) | |
| Source of classification or shelving scheme | Dewey Decimal Classification |
| Item type | CD-ROMs, DVDs, VHS |
| Classification part | DVD |
| Call number suffix | GATT |
| Withdrawn status | Lost status | Source of classification or shelving scheme | Damaged status | Not for loan | Home library | Current library | Date acquired | Source of acquisition | Cost, normal purchase price | Total Checkouts | Full call number | Barcode | Date last seen | Copy number | Cost, replacement price | Price effective from | Koha item type |
|---|---|---|---|---|---|---|---|---|---|---|---|---|---|---|---|---|---|
| Dewey Decimal Classification | Central Library | Central Library | 14/10/2009 | Gift | 125.00 | DVD GATT | DVD-003875 | 14/10/2009 | 1 | 125.00 | 14/10/2009 | CD-ROMs, DVDs, VHS |
